000 00215nam a2200085Ia 4500
245 0 _aHard shoulder
100 _a WOODS, Peter Dublin, 2003
_9101970
942 _cBK
008 210818s9999 xx 000 0 und d
999 _c442303
_d442302